Cena Emila Belluša 2005

Bibliographic Details
Format: Article
Language:Slovak
Subjects:

MARC

LEADER 00000nab a2200000 a 4500
001 vtls008625764
003 SK-MaSNL
005 20260303071902.0
008 140527c2005 xo mr|p|||||||000 b|slo
015 |a SNBRB2006/02  |2 snkbucl 
038 |a SNKBUCL 
040 |a SNKBUCL  |b slo  |c SNKBUCL  |e AACR2 
041 0 |a slo 
044 |a xo  |c SK 
080 |a 72.071.1:06.068  |2 1997 
080 |a 72:06.068  |x (437.6)  |2 1997 
080 |a 06.068:72  |x (437.6)  |2 1997 
245 0 0 |a Cena Emila Belluša 2005 
600 1 7 |a Marcinka, Marián,  |d 1932-  |2 snkbucl  |9 111001 
650 0 7 |a Cena Emila Belluša  |y za r. 2005  |2 snkbucl  |9 1067005 
650 0 7 |a ceny za architektúru  |2 snkbucl  |9 842825 
773 0 |t RAK  |g Roč. X, č. 12 (2005), s. 52  |x 1335-1702 
852 |a SNK  |b KIS3GCP 
999 |c 1761829  |d 1763759